Politika sponzorstva a mecénstva v Európe (na príklade kultúry)
Inštitucionálny rámec optimalizácie fungovania sponzorstva. Legislatívny rámec pre podporu kultúry. Inštitucionálno-právny rámec sponzorov a adresátov podpory. Organizácia sponzorského procesu. Spoločenské postoje a sklony k súkromnej podpore kultúry a ich priemet do trendov vývoja mecénstva a najmä...
Guardado en:
| Autor principal: | |
|---|---|
| Formato: | Capítulo de libro |
| Lenguaje: | eslovaco |
| Materias: | |
| Etiquetas: |
Sin Etiquetas, Sea el primero en etiquetar este registro!
|
MARC
| LEADER | 00000naa$a2200000$$$4500 | ||
|---|---|---|---|
| 001 | 0009519 | ||
| 005 | 20230929114846.6 | ||
| 041 | 0 | |a slo | |
| 044 | |a SK | ||
| 245 | 1 | 0 | |a Politika sponzorstva a mecénstva v Európe |b (na príklade kultúry) |c aut. Oskar Novotný |
| 520 | |a Inštitucionálny rámec optimalizácie fungovania sponzorstva. Legislatívny rámec pre podporu kultúry. Inštitucionálno-právny rámec sponzorov a adresátov podpory. Organizácia sponzorského procesu. Spoločenské postoje a sklony k súkromnej podpore kultúry a ich priemet do trendov vývoja mecénstva a najmä sponzorstva. Vybrané otázky mecénstva a sponzorstva kultúry v SR v roku 2000. Podiel kultúry v objeme deklarovaných odpočítateľných darov podľa jednotlivých skupín daňovníkov a vcelku v SR v roku 2000. Možnosti financovania kultúry z tzv. daňových asignácií. | ||
| 610 | 2 | 0 | |a sponzorovanie |
| 610 | 2 | 0 | |a kultúra |
| 610 | 2 | 0 | |a Európa |
| 610 | 2 | 0 | |a podpory |
| 610 | 2 | 0 | |a dary |
| 610 | 2 | 0 | |a zdroje finančné |
| 610 | 2 | 0 | |a legislatíva |
| 610 | 2 | 0 | |a úľavy daňové |
| 610 | 2 | 0 | |a asignácia daňová |
| 100 | 1 | |a Novotný, Oskar | |